00814nam a2200193 i 4500001000300000245009000003260003500093300004000128490001900168500011500187650005600302650006100358830001900419040000800438041000700446080002800453008004100481856009800522bg00aInstrukcja o znakach drogowych poziomych :bzasady stosowania i konstrukcji znaków. aKraków :bExplotrans,c1994. a179, [3] s. :bil. kolor. ;c30 cm.1 aMonitor Polski aZałącznik nr 1 do zarządzenia Ministra Transportu i Gospodarki Morskiej z dnia 3 marca 1994 r. (poz.120). 9aKomunikacja drogowaxprawozPolskaystan na 1994 r. 9aZnaki i sygnały drogowexprawozPolskaystan na 1994 r. aMonitor Polski cBPK0 apl a351.811.122(438)(094.4) s pl f |000 0 pol  uhttp://koha.tu.koszalin.pl/cgi-bin/koha/opac-detail.pl?biblionumber=34987yKatalog online BPK